Inside Out: Upper intermediate

محفوظ في:
التفاصيل البيبلوغرافية
المؤلف الرئيسي: Key, Sue
التنسيق: كتاب
اللغة:Undetermined
منشور في: Macmillan Education Oxford 2001
الموضوعات:
الوسوم: إضافة وسم
لا توجد وسوم, كن أول من يضع وسما على هذه التسجيلة!
Thư viện lưu trữ: Trung tâm Học liệu Trường Đại học Cần Thơ
LEADER 00538nam a2200193Ia 4500
001 CTU_65374
008 210402s9999 xx 000 0 und d
020 |b 59000 
082 |a 428.34 
082 |b K23/Cas.2ui 
100 |a Key, Sue 
245 0 |a Inside Out: Upper intermediate 
245 0 |c Sue Key, Vaughan Jones 
260 |a Macmillan Education 
260 |b Oxford 
260 |c 2001 
650 |a english language,listening 
650 |x textbooks for foreign speakers 
980 |a Trung tâm Học liệu Trường Đại học Cần Thơ